000 00643nam a2200193 a 4500
005 20210219152849.0
008 991125n 000 0 eng u
035 _aUPN01000063923
110 _aASSOCIATION FOR MEDIA AND TECHNOLOGY IN EDUCATION IN CANADA
222 _aEDUCATIONAL MEDIA AND TECHNOLOGY YEARBOOK
245 _aAMTEC : Association for Media and Technology in Education in Canada = L'Association des Media et de la technologie en Education au Canada
300 _a153-154
362 _a1993 vol. 19
653 0 _aAMTEC
653 0 _aCANADA
653 0 _aTECNOLOGIA EDUCATIVA
904 _aAC
_b001734
905 _aArticulo
999 _c62330
_d62330